Perrie Edwards Discography - Statistics

General Stats
  • This quiz has been taken 24 times
    9 since last reset
  • The average score is 21 of 24
Answer Stats
Hint Answer % Correct
Perrie Bonnie And Clyde
100%
Perrie Forget About Us
100%
Perrie Goodbye My Friend
100%
Perrie If He Wanted To He Would
100%
Perrie Miss You
100%
Perrie Punchline
100%
Perrie Pushing Up Daisies
100%
Perrie Same Place Different View
100%
Perrie Sand Dancer
100%
Tears
100%
Perrie You Go Your Way
100%
Perrie Absofuckinglutely
83%
Perrie Baby Steps
83%
Perrie Cute Aggression
83%
Me Myself And You
83%
Passenger Princess
83%
Perrie Put You First
83%
Perrie Rocket Scientist
83%
Perrie Where You Are
83%
2-2
67%
Christmas Magic
67%
Rollercoaster
67%
Woman In Love
67%
Heartbeat
50%
No matching quizzes found
Score Distribution
Percent of People with Each Score
Percentile by Number Answered
Your Score History
You have not taken this quiz since the last reset